| 000 | 00800nam a22001337a 4500 | ||
|---|---|---|---|
| 040 | _cRUA | ||
| 082 | _aVEM KOR 2015 B533 Or.1 | ||
| 100 | _aKORNG KAKADA; កង កក្កដា | ||
| 245 | _aSurvey on post-suckling piglet diarrhea until 30kg of body weigth at phat seanghun farm, dambae district, thbong khmum province; ការអង្កេតពីជំងឺរាកកូនជ្រូកក្រោយពេលផ្ដាច់ដោះរហូតដល់ ទម្ងន់៣០គីឡូក្រាម នៅក្នុងកសិដ្ឋាន ប៉ានសៀងហ៊ុន ស្រុកដំបែរ ខេត្តត្បូងឃ្មុំ | ||
| 260 |
_aPHNOM PENH _bKOR _c2015 |
||
| 300 |
_aix;38p. _bill. _c29cm. |
||
| 856 | _u KORNG KAKADA | ||
| 942 | _cVEM | ||
| 999 |
_c10876 _d10876 |
||